Género, clase y raza en América Latina: algunas aportaciones /
Guardado en:
| Autor principal: | |
|---|---|
| Otros Autores: | |
| Formato: | Desconocido |
| Publicado: |
Barcelona:
Universitat de Barcelona
|
| Materias: | |
| Etiquetas: |
Agregar Etiqueta
Sin Etiquetas, Sea el primero en etiquetar este registro!
|
MARC
| LEADER | 00000 a2200000 04500 | ||
|---|---|---|---|
| 001 | 18592 | ||
| 003 | |||
| 008 | 991231s d | ||
| 040 | |||
| 090 | |a 143701 | ||
| 100 | |a Luna, Lola G. | ||
| 245 | |a Género, clase y raza en América Latina: algunas aportaciones / |c Lola G. Luna | ||
| 260 | |a Barcelona: |b Universitat de Barcelona | ||
| 300 | |a 204 p. | ||
| 650 | |a MUJERES | ||
| 650 | |a TRABAJO | ||
| 650 | |a MANO DE OBRA | ||
| 650 | |a TRABAJADORAS | ||
| 650 | |a ESTRUCTURA DEL EMPLEO | ||
| 650 | |a MUJERES | ||
| 650 | |a MANO DE OBRA | ||
| 650 | |a ESTRUCTURA DEL EMPLEO | ||
| 700 | |a comp | ||
| 999 | |c 10916 |d 10916 | ||
